Entre razón y religión. Dialéctica de la secularización
Gespeichert in:
| 1. Verfasser: | |
|---|---|
| Weitere Verfasser: | |
| Format: | Buch |
| Sprache: | Spanisch |
| Veröffentlicht: |
Ciudad de México
Fondo de Cultura Económica
2008
|
| Ausgabe: | 1a. ed |
| Schriftenreihe: | Centzontle
|
| Schlagworte: | |
| Tags: |
Tag hinzufügen
Keine Tags, Fügen Sie den ersten Tag hinzu!
|
MARC
| LEADER | 00000nam a2200000 a 4500 | ||
|---|---|---|---|
| 001 | UCH0712 | ||
| 003 | CL-VaPUC | ||
| 008 | 090320e20080000MX |||||||||||||||||spa|d | ||
| 020 | |a 9789681684365 | ||
| 082 | 0 | 4 | |a 211.4 |b HAB |2 21 |
| 100 | 0 | |a Habermas, Jürgen |e author |9 334312 | |
| 700 | |a Ratzinger, Joseph, |c Papa |e autor |9 494399 | ||
| 245 | 1 | 0 | |a Entre razón y religión. Dialéctica de la secularización |
| 250 | |a 1a. ed | ||
| 300 | |a 55 p | ||
| 942 | |c BK | ||
| 945 | |d 20090320 00:00:00 |a dcastane | ||
| 260 | |a Ciudad de México |b Fondo de Cultura Económica |c 2008 | ||
| 500 | |a Traducción de Pablo Largo e Isabel Blanco | ||
| 500 | |a Debate entre el Papa Benedicto XVI y el heredero de la Escuela de Francfort, Jürgen Habermas | ||
| 600 | 0 | 7 | |a HABERMAS, JÜRGEN |2 CL-VaPUC |9 334312 |
| 600 | 0 | |a Ratzinger, Joseph, |c Papa |e autor |9 494399 | |
| 650 | 0 | |a Filosofía de la religión |9 256017 | |
| 650 | 0 | |a Razón |9 314475 | |
| 650 | 0 | |a Religión |9 255164 | |
| 650 | 0 | |a Secularización |9 258584 | |
| 583 | |a last modification |c 20090320 00:00:00 |k Rodrigo Vera | ||
| 490 | 0 | |a Centzontle | |
| 999 | |c 332965 |d 332963 | ||
| 952 | |0 0 |1 0 |4 0 |6 211_400000000000000_HAB_2008 |7 0 |8 A |9 421041 |a BIBEDU |b BIBEDU |d 2019-11-22 |i 4523148 |o 211.4 HAB 2008 |p 4523148 |r 2019-11-22 |w 2019-11-22 |y BK |k FIL | ||